Animal Eyes - Statistics

General Stats
  • This quiz has been taken 35 times
  • The average score is 9 of 12
Answer Stats
Picture Answer % Correct
Eagle
100%
Snake
100%
Wolf
97%
Owl
93%
Fly
87%
Ostrich
87%
Chameleon
83%
Rabbit
77%
Sheep
70%
Rooster
47%
Mantis Shrimp
40%
Cuttlefish
33%
No matching quizzes found
Score Distribution
Percent of People with Each Score
Percentile by Number Answered
Your Score History
You have not taken this quiz